000 00697cam a22002531 4500
001 1996
003 BD-RjUL
005 20211208233447.0
008 760217s1960 ilu 000 0 eng
035 _a(BD-RjUL)2023
035 _a(OCoLC)1996164
040 _aDLC
_cPCoR
_dDLC
_dBD-RjUL
_beng
041 _aeng
082 _a330
_219
_bPEP 1960
100 1 _aPeach, W. Nelson
_q(William Nelson),
_d1912-1984.
_96542
245 1 0 _aPrinciples of economics /
_cW. Nelson Peach.
250 _aRev. ed.
260 _aHomewood, Ill.,
_bR. D. Irwin,
_c1960.
300 _a736 p.
_billus.
_c24 cm.
650 0 _aEconomics.
_96576
942 _2ddc
_cBK
999 _c1996
_d1996